Baltian maiden kaupunkeja kartalla - Statistics

Yleistilastot
  • Tätä visaa on pelattu 440 kertaa
  • Keskiarvotulos 8 / 15
Vastaukset kartalla
Vastauksille on annettu kartalla punavihreä väri sen mukaan, kuinka moni on saanut sen oikein.
 
Vastaustilastot
Vastaus % Oikein
Tallinna
99%
Pärnu
87%
Riika
84%
Tartto
84%
Narva
76%
Kuressaare
75%
Vilna
66%
Kaunas
46%
Daugavpils
44%
Klaipėda
40%
Liepāja
40%
Šiauliai
33%
Ventspils
23%
Panevėžys
22%
Rēzekne
21%
Ehtoja vastaavia visoja ei löytynyt
Tulosjakauma
Jokaisen tuloksen saaneiden osuus
Persentiili vastausten määrän mukaan
Tuloshistoriasi
Et ole pelannut tätä visaa